000 00409nam a2200169Ia 4500
008 260330s2022 xx 000 0 und d
020 _a978-1-84-794183-1
041 _aeng
082 _a158.1
_bJAC
100 _aJAMES CLEAR
245 _aATOMIC HABITS
260 _aPune
_bPENGUIN BOOKS LTD. PUNE
_c2022
300 _a306pg
_bPB
365 _cRs.
650 _aHabit Formation
700 _aJAMES CLEAR
999 _c1218191
_d1218191